<?xml version="1.0" encoding="UTF-8"?>
<record
    xmlns:xsi="http://www.w3.org/2001/XMLSchema-instance"
    xsi:schemaLocation="http://www.loc.gov/MARC21/slim http://www.loc.gov/standards/marcxml/schema/MARC21slim.xsd"
    xmlns="http://www.loc.gov/MARC21/slim">

  <leader>00847nam a22002297a 4500</leader>
  <controlfield tag="008">240608b        mp ||||| |||| 00| 0 mon d</controlfield>
  <datafield tag="020" ind1=" " ind2=" ">
    <subfield code="a">99929-0-471-2</subfield>
  </datafield>
  <datafield tag="035" ind1=" " ind2=" ">
    <subfield code="a">1292</subfield>
  </datafield>
  <datafield tag="040" ind1=" " ind2=" ">
    <subfield code="a">DU1548031</subfield>
    <subfield code="b">mon</subfield>
    <subfield code="c">MN-UlNLM</subfield>
    <subfield code="d">MN-UlNLM</subfield>
    <subfield code="e">rda</subfield>
  </datafield>
  <datafield tag="041" ind1=" " ind2=" ">
    <subfield code="a">mon</subfield>
  </datafield>
  <datafield tag="042" ind1=" " ind2=" ">
    <subfield code="a">2934</subfield>
  </datafield>
  <datafield tag="084" ind1=" " ind2=" ">
    <subfield code="2">NNA</subfield>
    <subfield code="a">28.693.35</subfield>
    <subfield code="b">&#x410;-35</subfield>
  </datafield>
  <datafield tag="100" ind1=" " ind2=" ">
    <subfield code="a">&#x42D;&#x440;&#x432;&#x438;&#x43D; &#x410;&#x439;&#x433;&#x43D;&#x44D;&#x440;</subfield>
  </datafield>
  <datafield tag="245" ind1=" " ind2="0">
    <subfield code="a">&#x414;&#x443;&#x443;&#x447; &#x448;&#x443;&#x432;&#x443;&#x443;&#x434;</subfield>
  </datafield>
  <datafield tag="264" ind1=" " ind2=" ">
    <subfield code="a">&#x423;&#x43B;&#x430;&#x430;&#x43D;&#x431;&#x430;&#x430;&#x442;&#x430;&#x440;</subfield>
    <subfield code="b">&#x410;&#x434;&#x43C;&#x43E;&#x43D; &#x425;&#x425;&#x41A;</subfield>
    <subfield code="c">2003</subfield>
  </datafield>
  <datafield tag="300" ind1=" " ind2=" ">
    <subfield code="a">20</subfield>
  </datafield>
  <datafield tag="336" ind1=" " ind2=" ">
    <subfield code="2">rdacontent</subfield>
    <subfield code="a">text</subfield>
    <subfield code="b">txt</subfield>
  </datafield>
  <datafield tag="337" ind1=" " ind2=" ">
    <subfield code="2">rdamedia</subfield>
    <subfield code="a">unmediated</subfield>
    <subfield code="b">n</subfield>
  </datafield>
  <datafield tag="338" ind1=" " ind2=" ">
    <subfield code="2">rdacarrier</subfield>
    <subfield code="a">volume</subfield>
    <subfield code="b">nc</subfield>
  </datafield>
  <datafield tag="650" ind1=" " ind2=" ">
    <subfield code="a">&#x425;&#x430;&#x440; &#x445;&#x4E9;&#x4E9;&#x43D;&#x434;&#x44D;&#x439;, &#x414;&#x443;&#x443;&#x43B;&#x433;&#x430;&#x442; &#x44D;&#x44D;&#x440;&#x4AF;&#x4AF;&#x43B; &#x431;&#x44F;&#x43B;&#x437;&#x443;&#x443;&#x445;&#x430;&#x439;, &#x413;&#x430;&#x43B; &#x441;&#x4AF;&#x4AF;&#x43B;&#x442;, &#x417;&#x430;&#x43D;&#x430; &#x431;&#x44F;&#x43B;&#x437;&#x443;&#x443;&#x445;&#x430;&#x439;, &#x418;&#x445; &#x445;&#x4E9;&#x445; &#x431;&#x443;&#x445;, &#x423;&#x43B;&#x430;&#x430;&#x43D; &#x433;&#x443;&#x440;&#x433;&#x430;&#x43B;&#x434;&#x430;&#x439;, &#x414;&#x443;&#x443;&#x447; &#x445;&#x4E9;&#x4E9;&#x43D;&#x434;&#x44D;&#x439;, &#x425;&#x430;&#x440; &#x442;&#x43E;&#x434;&#x43E;&#x43B;, &#x411;&#x43E;&#x440; &#x431;&#x443;&#x436;&#x438;...</subfield>
  </datafield>
  <datafield tag="942" ind1=" " ind2=" ">
    <subfield code="2">NNA</subfield>
    <subfield code="c">BK</subfield>
  </datafield>
  <datafield tag="952" ind1=" " ind2=" ">
    <subfield code="0">0</subfield>
    <subfield code="1">0</subfield>
    <subfield code="4">0</subfield>
    <subfield code="6">2869335_&#x410;35</subfield>
    <subfield code="7">0</subfield>
    <subfield code="8">DU1541</subfield>
    <subfield code="a">DU1548031</subfield>
    <subfield code="b">DU1548031</subfield>
    <subfield code="c">DU1541</subfield>
    <subfield code="d">2024-06-08</subfield>
    <subfield code="g">625.00</subfield>
    <subfield code="l">0</subfield>
    <subfield code="o">28.693.35  &#x410;-35</subfield>
    <subfield code="p">DU1541292-3-1</subfield>
    <subfield code="r">2024-06-08</subfield>
    <subfield code="t">81005</subfield>
    <subfield code="y">BK</subfield>
  </datafield>
  <datafield tag="952" ind1=" " ind2=" ">
    <subfield code="0">0</subfield>
    <subfield code="1">0</subfield>
    <subfield code="4">0</subfield>
    <subfield code="6">2869335_&#x410;35</subfield>
    <subfield code="7">0</subfield>
    <subfield code="8">DU1541</subfield>
    <subfield code="a">DU1548031</subfield>
    <subfield code="b">DU1548031</subfield>
    <subfield code="c">DU1541</subfield>
    <subfield code="d">2024-06-08</subfield>
    <subfield code="g">625.00</subfield>
    <subfield code="l">0</subfield>
    <subfield code="o">28.693.35  &#x410;-35</subfield>
    <subfield code="p">DU1541292-3-2</subfield>
    <subfield code="r">2024-06-08</subfield>
    <subfield code="t">81006</subfield>
    <subfield code="y">BK</subfield>
  </datafield>
  <datafield tag="952" ind1=" " ind2=" ">
    <subfield code="0">0</subfield>
    <subfield code="1">0</subfield>
    <subfield code="4">0</subfield>
    <subfield code="6">2869335_&#x410;35</subfield>
    <subfield code="7">0</subfield>
    <subfield code="8">DU1541</subfield>
    <subfield code="a">DU1548031</subfield>
    <subfield code="b">DU1548031</subfield>
    <subfield code="c">DU1541</subfield>
    <subfield code="d">2024-06-08</subfield>
    <subfield code="g">1000.00</subfield>
    <subfield code="l">0</subfield>
    <subfield code="o">28.693.35  &#x410;-35</subfield>
    <subfield code="p">DU1541292-3-3</subfield>
    <subfield code="r">2024-06-08</subfield>
    <subfield code="t">84676</subfield>
    <subfield code="y">BK</subfield>
  </datafield>
  <datafield tag="952" ind1=" " ind2=" ">
    <subfield code="0">0</subfield>
    <subfield code="1">0</subfield>
    <subfield code="4">0</subfield>
    <subfield code="6">2869335_&#x410;35</subfield>
    <subfield code="7">0</subfield>
    <subfield code="8">DU1543</subfield>
    <subfield code="a">DU1548031</subfield>
    <subfield code="b">DU1548031</subfield>
    <subfield code="c">DU1543</subfield>
    <subfield code="d">2024-06-08</subfield>
    <subfield code="g">625.00</subfield>
    <subfield code="l">0</subfield>
    <subfield code="o">28.693.35  &#x410;-35</subfield>
    <subfield code="p">DU1541292-4-1</subfield>
    <subfield code="r">2024-06-08</subfield>
    <subfield code="t">81007</subfield>
    <subfield code="y">BK</subfield>
  </datafield>
  <datafield tag="952" ind1=" " ind2=" ">
    <subfield code="0">0</subfield>
    <subfield code="1">0</subfield>
    <subfield code="4">0</subfield>
    <subfield code="6">2869335_&#x410;35</subfield>
    <subfield code="7">0</subfield>
    <subfield code="8">DU1543</subfield>
    <subfield code="a">DU1548031</subfield>
    <subfield code="b">DU1548031</subfield>
    <subfield code="c">DU1543</subfield>
    <subfield code="d">2024-06-08</subfield>
    <subfield code="g">625.00</subfield>
    <subfield code="l">0</subfield>
    <subfield code="o">28.693.35  &#x410;-35</subfield>
    <subfield code="p">DU1541292-4-2</subfield>
    <subfield code="r">2024-06-08</subfield>
    <subfield code="t">81008</subfield>
    <subfield code="y">BK</subfield>
  </datafield>
  <datafield tag="952" ind1=" " ind2=" ">
    <subfield code="0">0</subfield>
    <subfield code="1">0</subfield>
    <subfield code="4">0</subfield>
    <subfield code="6">2869335_&#x410;35</subfield>
    <subfield code="7">0</subfield>
    <subfield code="8">DU1543</subfield>
    <subfield code="a">DU1548031</subfield>
    <subfield code="b">DU1548031</subfield>
    <subfield code="c">DU1543</subfield>
    <subfield code="d">2024-06-08</subfield>
    <subfield code="g">650.00</subfield>
    <subfield code="l">0</subfield>
    <subfield code="o">28.693.35  &#x410;-35</subfield>
    <subfield code="p">DU1541292-4-3</subfield>
    <subfield code="r">2024-06-08</subfield>
    <subfield code="t">87633</subfield>
    <subfield code="y">BK</subfield>
  </datafield>
  <datafield tag="999" ind1=" " ind2=" ">
    <subfield code="c">821219</subfield>
    <subfield code="d">821276</subfield>
  </datafield>
</record>
